Film Stars And Their Films - Statistics

General Stats
  • This quiz has been taken 60 times
    20 since last reset
  • The average score is 11 of 15
Answer Stats
Question Answer % Correct
Channing Tatum 21 Jump Street
100%
Julianne Moore Boogie Nights
83%
Matthew McConaughy Dallas Buyers Club
83%
Richard Attenborough Jurassic Park
83%
Marlon Brando Reflections in A Golden Eye
83%
Sandra Bullock Speed
83%
Jack Nicholson Terms Of Endearment
83%
Barbra Streisand The Way We Were
83%
Ben Affleck Argo
67%
Jayne Mansfield The Wayward Bus
67%
Reese Witherspoon Walk The Line
67%
Jennifer Lawrence Winter's Bone
67%
John Mills Ice Cold In Alex
50%
Judy Garland Judgement At Nuremberg
50%
Julie Andrews Torn Curtain
50%
No matching quizzes found
Score Distribution
Percent of People with Each Score
Percentile by Number Answered
Your Score History
You have not taken this quiz since the last reset